| 000 | 01054nam a2200241Ia 4500 | ||
|---|---|---|---|
| 003 | GCL | ||
| 008 | 140319s9999 xx 000 0 ara d | ||
| 020 | _a8129409977 | ||
| 040 |
_aGCL / _cGCL |
||
| 082 | 0 | 4 |
_aق _b327.117 _bم ف |
| 100 | 1 | _aمصطفى بكرى | |
| 245 | 1 | 0 |
_aالفوضى الخلاقة ام المدمرة : _bمصر فى مرمى الهدف الامريكى / _cمصطفى بكرى |
| 250 | _aالاولى | ||
| 260 |
_aالقاهرة : _bمكتبة الشروق الدولية ، _c2005 |
||
| 300 |
_a200 ص ؛ _c24 سم |
||
| 650 | 0 | 4 | _aمصر - الاحوال السياسية |
| 650 | 0 | 4 | _aالولايات المتحدة الامريكية - الاحوال السياسية |
| 650 | 0 | 4 | _aالولايات المتحدة الامريكية - السياسة الخارجية |
| 650 | 0 | 4 | _aالولايات المتحدة الامريكية - العلاقات الخارجية - مصر |
| 650 | 0 | 4 | _aالحرية الدينية - مصر |
| 650 | 0 | 4 | _aالمناقشات فى التعليم الدينى |
| 942 |
_2ddc _cBK |
||
| 999 |
_c8206 _d8206 |
||